000 00748nam a2200217Ii 4500
003 JO-AjNU
008 230605s9999||||xx |||||||||||||| ||und||
017 _a1988/1/35
040 _aJO-AjNU
_bara
_erda
_cJO-AjNU
041 _aara
050 1 4 _aJS799.J65.S2536 1993
100 3 _aالزعبي، خالد سمارة,
_eauthor
_925782
245 0 0 _aتشكيل المجالس المحلية وائرة على كفايتها في نظم الادارة المحلية " دراسة مقارنة "
250 _aط3
264 3 1 _aعمان:المؤلف ، 1993
300 _a379ص
336 _atext
_btxt
_2rdacontent
337 _aunmediated
_bn
_2rdamedia
338 _avolume
_bnc
_2rdacarrier
650 4 _aالادارة المحلية
_925783
999 _aA9688
_c13256
_d13256